Generazioni dei Pokémon - Quiz n°46 - Statistics

Statistiche generali
  • Questo quiz è stato fatto 4 volte
  • Il punteggio medio è 14 su 15
Statistiche sulle risposte
Hint Risposta % Corretto
Capoferreo Nona
100%
Quaxly Nona
100%
Copperajah Ottava
100%
Pidgeot Prima
100%
Psyduck Prima
100%
Weepinbell Prima
100%
Victreebel Prima
100%
Swoobat Quinta
100%
Pignite Quinta
100%
Pidove Quinta
100%
Manectric Terza
100%
Kyogre Terza
100%
Spidops Nona
67%
Ferrothorn Quinta
67%
Pikipek Settima
33%
Nessun quiz corrispondente trovato
Distribuzione punteggi
Percentuale di utenti per punteggio
Percentile per numero di risposta
I tuoi punteggi nel tempo
Non hai fatto questo quiz